[Event "Kuala Lumpur schev"]
[Site "Kuala Lumpur"]
[Date "1996.??.??"]
[Round "8"]
[White "Murugan, Krishnamoorthy"]
[Black "Mas, Hafizulhelmi"]
[Result "1/2-1/2"]
[WhiteElo "2410"]
[BlackElo "2290"]

1.e4 c5 2.c3 Nf6 3.e5 Nd5 4.d4 cxd4 5.cxd4 d6 6.exd6 Qxd6 7.Nf3 Bf5 8.Nc3 Nc6
9.a3 e6 10.Bc4 Nb6 11.Ba2 Rd8 12.Be3 Be7 13.O-O O-O 14.Qe2 Bf6 15.Rfd1 Qb8
16.Bb1 Bg4 17.h3 Bxf3 18.Qxf3 Qc8 19.Qe4 g6 20.Ba2 Bg7 21.Qh4 Rfe8 22.Ne4 Nd5
23.Bg5 Rd7 24.Rac1 b6 25.Bf6 Nxf6 26.Nxf6+ Bxf6 27.Qxf6 Rd6 28.d5 Qd7 29.Re1 Nd8
30.Qf4 Re7 31.Qe5 Re8 32.Rc3 Rf8 33.Rd3 exd5 34.Bxd5 Nb7 35.Ree3 Rd8 36.Bc4 Qc6
37.Rxd6 Qxd6 38.Qxd6 Nxd6 39.Rd3 Kf8 40.Kf1 Ke7 41.Re3+ Kf8 42.Ba6 Nf5 43.Rd3 Nd4
44.Bc4 Ke7 45.Re3+ Kf6 46.Rd3 Rd6 47.Ke1 b5 48.Bb3 Ke7 49.Bd1 Nc6 50.Rxd6 Kxd6
51.Kd2 a5 52.Bb3 f6 53.f4 g5 54.Ke3 a4 55.Bg8 Ne7 56.Bxh7 Nd5+ 57.Kd4 Nxf4
58.Be4 f5 59.Bxf5 Nxg2 60.Bd3 Nf4 61.Bxb5 Nxh3 62.Bxa4 Nf4 63.Bd1 Nd5 64.b4 Nb6
65.Bf3 Na4 66.Kc4 Kc7 67.Kb5 Nc3+ 68.Ka6 Kb8 69.b5 Nb1 70.a4 Nd2 71.Bc6 g4
72.b6 g3 73.Kb5 Nb3 74.Bd5 Nd4+ 75.Kc5 Ne6+ 76.Kc6 Nf4 77.Be4 g2 78.Bxg2 Nxg2
79.a5 Nf4 80.a6 Ne6 81.Kd6 Nd8 82.Kd7 Nb7 83.Kc6 Nd8+ 84.Kd5 Nb7 85.axb7 Kxb7
86.Kc5 Kb8  1/2-1/2

[Event "La Coruna op"]
[Site "La Coruna"]
[Date "1996.??.??"]
[Round "?"]
[White "Strikovic, Aleksa"]
[Black "Nedobora, Mikhail"]
[Result "1-0"]
[WhiteElo "2550"]
[BlackElo "2465"]

1.e4 c5 2.c3 Nf6 3.e5 Nd5 4.d4 cxd4 5.Nf3 d6 6.Bc4 e6 7.cxd4 Be7 8.O-O O-O
9.Qe2 Bd7 10.Nc3 Nxc3 11.bxc3 Bc6 12.Bf4 Qc7 13.exd6 Bxd6 14.Bxd6 Qxd6 15.Ne5 Nd7
16.f4 Rac8 17.Bb3 b5 18.Rad1 Nxe5 19.fxe5 Qd7 20.Rd3 Bd5 21.Rg3 Bxb3 22.axb3 Qd5
23.Qe3 g6 24.Qh6 Rc7 25.Rf6  1-0

[Event "Las Palmas op"]
[Site "Las Palmas"]
[Date "1996.??.??"]
[Round "7"]
[White "Mellado Trivino, Juan"]
[Black "Razuvaev, Yuri S"]
[Result "1/2-1/2"]
[WhiteElo "2455"]
[BlackElo "2560"]

1.e4 c5 2.c3 Nf6 3.e5 Nd5 4.d4 cxd4 5.Nf3 Nc6 6.Bc4 Nb6 7.Bb3 g6 8.Ng5 d5
9.exd6 e6 10.Ne4 h6 11.cxd4 Bg7 12.Nbc3 Nxd4 13.O-O Bd7 14.Be3 Nxb3 15.Qxb3 O-O
16.Rfd1 Bc6 17.f3 Nd7  1/2-1/2

[Event "CUB-ch"]
[Site "Las Tunas"]
[Date "1996.??.??"]
[Round "3"]
[White "Sariego, Wilfredo"]
[Black "Leyva, Hector"]
[Result "1-0"]
[WhiteElo "2430"]
[BlackElo "2410"]

1.e4 c5 2.c3 Nf6 3.e5 Nd5 4.d4 cxd4 5.Nf3 e6 6.cxd4 b6 7.Nc3 Bb7 8.Bd3 Nxc3
9.bxc3 d6 10.O-O Nd7 11.Re1 Qc7 12.Bg5 dxe5 13.Nxe5 Nxe5 14.dxe5 h6 15.Qh5 g6
16.Bb5+ Bc6 17.Qf3 Rc8 18.Bd8 Qd7 19.Rad1 Bxf3 20.Rxd7 Bc6 21.Bxc6 Rxc6 22.Red1 Bc5
23.Bg5 O-O 24.Bxh6 Ra8 25.Rd8+ Rxd8 26.Rxd8+ Kh7 27.Bg5 Rc7 28.Bf6 g5 29.Rh8+ Kg6
30.Rg8+ Kh7 31.Rxg5 Bf8 32.Rg3 Rd7 33.Kf1 Rd1+ 34.Ke2 Ra1 35.Rh3+ Kg6 36.Rh8 Rxa2+
37.Kd3 Bc5 38.g4 Rxf2 39.h4 Rxf6 40.exf6 Kxf6 41.Rg8  1-0

[Event "CUB-ch"]
[Site "Las Tunas"]
[Date "1996.??.??"]
[Round "12"]
[White "Sariego, Wilfredo"]
[Black "Herrera, Irisberto"]
[Result "0-1"]
[WhiteElo "2430"]
[BlackElo "2475"]

1.e4 c5 2.c3 Nf6 3.e5 Nd5 4.d4 cxd4 5.Nf3 Nc6 6.Bc4 Nb6 7.Bb3 g6 8.Ng5 d5
9.exd6 e6 10.Qf3 Ne5 11.Qg3 Nec4 12.cxd4 Nxd6 13.O-O Nf5 14.Qh3 Bg7 15.Rd1 Bd7
16.Nc3 h6 17.Nf3 Bc6 18.Ne5 O-O 19.Bc2 Nh4 20.Nxc6 bxc6 21.Be4 Kh7 22.Bxc6 Rc8
23.Be4 Qf6 24.Bd3 Rfd8 25.Be3 Qe7 26.Rac1 Nc4 27.Bxc4 Rxc4 28.Qg4 Nf5 29.Qe2 Rcc8
30.Nb5 Rxc1 31.Rxc1 a6 32.Rc7 Qb4 33.Nc3 Rf8 34.Rc4 Qb7 35.Qd2 Nh4 36.f3 Nf5
37.Bf2 Qe7 38.b3 e5  0-1

[Event "Lazne Bohdanec-B"]
[Site "Lazne Bohdanec"]
[Date "1996.??.??"]
[Round "1"]
[White "Jakubiec, Artur"]
[Black "Hlavnicka, Jiri"]
[Result "1-0"]
[WhiteElo "2425"]
[BlackElo "2210"]

1.e4 c5 2.c3 Nf6 3.e5 Nd5 4.d4 cxd4 5.cxd4 e6 6.Nf3 b6 7.Nc3 Nxc3 8.bxc3 Qc7
9.Bd2 Bb7 10.Ng5 h6 11.Qh5 g6 12.Qh4 Be7 13.f4 Nc6 14.Qh3 Na5 15.Bb5 a6 16.Be2 Nc4
17.Bc1 Bd5 18.O-O Rc8 19.g4 Qc6 20.Rf2 b5 21.Bd3 Bxg5 22.fxg5 h5 23.Qf1 Be4
24.Rxf7 Kd8 25.a4 Bxd3 26.Qxd3 hxg4 27.axb5 Qxb5 28.Rb1 Qc6 29.Bf4 Kc7 30.d5 Qc5+
31.Qd4 Qxd4+ 32.cxd4 exd5 33.e6+ Kc6 34.exd7 Rcd8 35.Rf6+  1-0

[Event "Lazne Bohdanec-B"]
[Site "Lazne Bohdanec"]
[Date "1996.??.??"]
[Round "3"]
[White "Jakubiec, Artur"]
[Black "Pokorny, Tomas"]
[Result "0-1"]
[WhiteElo "2425"]
[BlackElo "2285"]

1.e4 c5 2.c3 Nf6 3.e5 Nd5 4.d4 cxd4 5.Nf3 Nc6 6.cxd4 d6 7.Bc4 dxe5 8.dxe5 Ndb4
9.O-O Qxd1 10.Rxd1 Bg4 11.e6 fxe6 12.Nc3 g6 13.Nb5 Rc8 14.Bf4 Bxf3 15.gxf3 Nd5
16.Rxd5 exd5 17.Bxd5 e5 18.Be6 Rb8 19.Bg5 Be7 20.Be3 h6 21.f4 exf4 22.Bxf4 Rd8
23.Nc7+ Kf8 24.Bc4 Rd7 25.Ne6+ Ke8 26.Re1 Rh7 27.b3 Nd4 28.Kg2 b5 29.Bd5 Nxe6
30.Bxe6 Rd3 31.a4 bxa4 32.bxa4 Kf8 33.a5 Bg5 34.Bxg5 hxg5 35.Rb1 Re7 36.Bg4 Rd5
37.a6 Rd6 38.Bc8 Kg7 39.Rb2 Rc7 40.Bb7 Kf6 41.Re2 Rd4 42.Re8 g4 43.Ra8 Rc2
44.Rxa7 Rdd2 45.Ra8 Rxf2+ 46.Kg1 Kg5 47.Rd8 Rfe2 48.Rd1 Ra2 49.Rc1 Kh4 50.Rd1 Rec2
51.Be4 Rc3 52.Bd3 Raa3 53.Bxg6 Rxa6 54.Bf7 Rc2 55.Bb3 Rb2 56.Bc4 Rc6 57.Bf1 Rc3
58.Re1 Rf3 59.Rd1 Rff2 60.h3 gxh3 61.Rd4+ Kg3 62.Rd3+ Rf3 63.Rxf3+ Kxf3 64.Bxh3 Kg3
65.Bf5 Rg2+  0-1

[Event "Lazne Bohdanec"]
[Site "Lazne Bohdanec"]
[Date "1996.??.??"]
[Round "4"]
[White "Blatny, Pavel"]
[Black "Stocek, Jiri"]
[Result "1-0"]
[WhiteElo "2515"]
[BlackElo "2465"]

1.e4 c5 2.c3 Nf6 3.e5 Nd5 4.d4 cxd4 5.Nf3 Nc6 6.Bc4 Nb6 7.Bb3 d5 8.exd6 Qxd6
9.Na3 a6 10.O-O e6 11.cxd4 Be7 12.Be3 O-O 13.Ne5 Bf6 14.Rc1 Bd7 15.Nac4 Nxc4
16.Nxc4 Qc7 17.d5 exd5 18.Nb6 Bxb2 19.Rc2 Be5 20.f4 Bf5 21.Nxa8 Bxc2 22.Qxc2 Rxa8
23.fxe5 Qxe5 24.Qf2 Qe6 25.Rd1 Rd8 26.Bb6 Re8 27.Bxd5 Qd7 28.Bb3  1-0

[Event "Lazne Bohdanec-B"]
[Site "Lazne Bohdanec"]
[Date "1996.??.??"]
[Round "10"]
[White "Krupkova, Petra"]
[Black "Trichkov, Vasil"]
[Result "1/2-1/2"]
[WhiteElo "2300"]
[BlackElo "2415"]

1.e4 c5 2.c3 Nf6 3.e5 Nd5 4.d4 cxd4 5.Nf3 Nc6 6.Bc4 Nb6 7.Bb3 d5 8.exd6 Qxd6
9.O-O Be6 10.Bxe6 Qxe6 11.Nxd4 Nxd4 12.Qxd4 Rd8 13.Qh4 h5 14.Be3 Qg4 15.Qxg4 hxg4
16.Nd2 Rd5 17.Rfd1 e6 18.Nf1 Rhh5 19.Bd4 Rd7 20.Ne3 Rg5 21.c4 Bd6 22.b3 Nc8
23.g3 b6 24.Rd3 Bb4 25.Rad1 Ne7 26.Nc2 Bc5 27.Bc3 Rxd3 28.Rxd3 a5 29.a3 Rf5
30.Ne3 Rf3 31.b4 axb4 32.axb4 Bxe3 33.Rxe3 Rxe3 34.fxe3 f6 35.Kf2 Kd7 36.e4 Nc8
37.e5 f5 38.b5 Ne7 39.Bd2 Ng6 40.Bf4 Nf8 41.Be3 Kc7 42.Kg2 Nd7 43.Bd4 g5
44.h3 gxh3+ 45.Kxh3  1/2-1/2

[Event "Leiner op"]
[Site "Leiner"]
[Date "1996.??.??"]
[Round "5"]
[White "Rabiega, Robert"]
[Black "Kiss, Attila"]
[Result "1-0"]
[WhiteElo "2490"]
[BlackElo "2395"]

1.e4 c5 2.c3 Nf6 3.e5 Nd5 4.Nf3 e6 5.Bc4 Nb6 6.Bb3 c4 7.Bc2 d6 8.exd6 Nc6
9.O-O Bxd6 10.b3 O-O 11.bxc4 Nxc4 12.d4 g6 13.Qd3 N6a5 14.Nbd2 Nxd2 15.Bxd2 Qc7
16.h4 Bf4 17.h5 b6 18.Bxf4 Qxf4 19.hxg6 hxg6 20.Ne5 Bb7 21.Nxg6 Qg5 22.Nf4 Kg7
23.Qe3 Kf6 24.Be4 Nc4 25.Nxe6 Qg4 26.Qh6+ Ke7 27.Bxb7 fxe6 28.Bxa8 Rxa8 29.Qh3 Qg6
30.Rfe1 Rg8 31.Re2 Qf6 32.Rae1 Rg6 33.Rxe6+ Qxe6 34.Rxe6+ Rxe6 35.Qh7+ Kd6
36.Qxa7 Re1+ 37.Kh2 Nd2 38.Qxb6+  1-0

[Event "Leiner op"]
[Site "Leiner"]
[Date "1996.??.??"]
[Round "6"]
[White "Kotz, Heinz Peter"]
[Black "Ebner, Walter"]
[Result "0-1"]
[WhiteElo "2285"]
[BlackElo "2210"]

1.e4 c5 2.c3 Nf6 3.e5 Nd5 4.d4 cxd4 5.Bc4 Qc7 6.Qe2 Nb6 7.Bd3 e6 8.Nf3 Nc6
9.O-O dxc3 10.Nxc3 d5 11.exd6 Bxd6 12.Be3 Be7 13.Rac1 Bd7 14.Rfd1 Rd8 15.a3 Qb8
16.Ng5 h6 17.Qh5 Ne5 18.Bf4 Bxg5 19.Bxg5 Nxd3 20.Rxd3 Qe5 21.f4 Qf5 22.Rh3 Rc8
23.Qd1 O-O 24.Be7 Rfe8 25.Bd6 Bc6 26.Qe2 Nd5 27.Nxd5 Bxd5 28.Rhc3 Rxc3 29.bxc3 Rd8
30.Be5 Bc6 31.Rd1 Rxd1+ 32.Qxd1 Qe4 33.Qd2 Bd5 34.h3 b6 35.Kh2 f6 36.Bb8 a6
37.Bc7 b5 38.Bd6 g5 39.fxg5 hxg5 40.Qf2 Kf7 41.Qg3 Kg6 42.Qg4 Qd3 43.Qg3 Qd2
44.h4 Bxg2 45.hxg5 Be4+ 46.Kg1 Qxg5 47.Qxg5+ Kxg5 48.Kf2 e5 49.Ke3 Kf5 50.Bb8 Bd5
51.Bc7 Ke6 52.Bd8 f5 53.Bh4 f4+ 54.Kd3 Kf5 55.Be7 Bc4+ 56.Kd2 e4  0-1

[Event "VfB op 3rd"]
[Site "Leipzig"]
[Date "1996.??.??"]
[Round "8"]
[White "Voigt, Ulrich"]
[Black "Bogdanovich, Grigory"]
[Result "1/2-1/2"]
[WhiteElo "2225"]
[BlackElo "2375"]

1.e4 c5 2.c3 Nf6 3.e5 Nd5 4.d4 cxd4 5.cxd4 d6 6.Nf3 Nc6 7.Nc3 dxe5 8.Nxe5 Nxe5
9.dxe5 Nxc3 10.Qxd8+ Kxd8 11.bxc3 Bf5 12.Be3 e6 13.Rd1+ Kc8 14.Bb5 Ba3 15.Ke2 a6
16.Bd7+ Kc7 17.Rd4 b5 18.Rhd1 h6 19.c4 Bc5 20.R4d2 Bb4 21.Rd4 Bc5 22.R4d2  1/2-1/2

[Event "Wch U26"]
[Site "Leon"]
[Date "1996.??.??"]
[Round "2"]
[White "Zulfugarli, Magomed"]
[Black "Beikert, Guenther"]
[Result "1-0"]
[WhiteElo "2325"]
[BlackElo "2435"]

1.e4 c5 2.c3 Nf6 3.e5 Nd5 4.Nf3 e6 5.Bc4 Nb6 6.Bb3 d5 7.d4 Nc6 8.O-O Bd7
9.dxc5 Bxc5 10.Bc2 Qc7 11.Qe2 O-O-O 12.Bf4 f6 13.Bg3 fxe5 14.Nxe5 Nxe5 15.Bxe5 Bd6
16.Bxd6 Qxd6 17.a4 Bc6 18.a5 Nc4 19.b3 Qe5 20.Re1 Qxe2 21.Rxe2 Nd6 22.Rxe6 g6
23.Nd2 Nb5 24.Rc1 Nxc3 25.Bxg6 d4 26.Bd3 Kc7 27.a6 b5 28.b4 Bd5 29.Re7+ Kb6
30.Nb1 Nxb1 31.Rxb1 Bc4 32.Be4 Rb8 33.Rd7 Rhd8 34.Rxh7 Rd6 35.Rb7+ Rxb7 36.axb7 Kc7
37.Rd1 d3 38.Rd2 Bd5 39.Rxd3 Rc6 40.f3 Bxe4 41.Rd7+ Kb8 42.fxe4 Rc4 43.e5 Re4
44.g3 Rxe5 45.h4 a6 46.Kf2  1-0

[Event "SWE-chB1"]
[Site "Linkoping"]
[Date "1996.??.??"]
[Round "?"]
[White "Lindemann, Sven"]
[Black "Eriksson, Johan"]
[Result "1/2-1/2"]
[WhiteElo "2245"]
[BlackElo "2310"]

1.e4 c5 2.c3 Nf6 3.e5 Nd5 4.d4 cxd4 5.Nf3 Nc6 6.cxd4 d6 7.Bc4 Nb6 8.Bb3 dxe5
9.d5 Na5 10.Nc3 Nxb3 11.Qxb3 g6 12.Nxe5 Bg7 13.Bf4 O-O 14.Rd1 a5 15.a4 Bf5
16.O-O Rc8 17.h3 Qd6 18.Nd3 Qd8 19.Ne5 Nd7 20.Nxd7 Qxd7 21.Rfe1 Rfe8 22.Re3 h5
23.Bg5 Kh7 24.Kh1 f6 25.Bf4 g5 26.Bh2 Bh6  1/2-1/2

[Event "SWE-chB2"]
[Site "Linkoping"]
[Date "1996.??.??"]
[Round "?"]
[White "Eriksson, Mats"]
[Black "Thornert, Hakan"]
[Result "1/2-1/2"]
[WhiteElo "2225"]
[BlackElo "2215"]

1.e4 c5 2.c3 Nf6 3.e5 Nd5 4.d4 cxd4 5.Nf3 Nc6 6.cxd4 d6 7.Nc3 dxe5 8.dxe5 Nxc3
9.Qxd8+ Kxd8 10.bxc3 Bg4 11.Be2 e6 12.Ng5 Bxe2 13.Kxe2 Nxe5 14.f4 h6 15.Nxe6+ fxe6
16.fxe5 Bc5 17.Be3 Rc8 18.Rad1+ Ke7 19.Bd4 Rhd8 20.Rd2 b6  1/2-1/2

[Event "SWE-ch"]
[Site "Linkoping"]
[Date "1996.??.??"]
[Round "11"]
[White "Hermansson, Emil"]
[Black "Lindberg, Bengt"]
[Result "1-0"]
[WhiteElo "2240"]
[BlackElo "2355"]

1.e4 c5 2.c3 Nf6 3.e5 Nd5 4.d4 cxd4 5.Nf3 Nc6 6.Bc4 Nb6 7.Bb3 d5 8.exd6 Qxd6
9.O-O Be6 10.Bxe6 Qxe6 11.Nxd4 Nxd4 12.Qxd4 Rd8 13.Qh4 Qe2 14.Be3 Qxb2 15.Nd2 e6
16.Nc4 Qxc3 17.Rfc1 Qb4 18.Rab1 Qe7 19.Bg5 f6 20.Nxb6 axb6 21.Be3 Qd7 22.Bxb6 Ba3
23.Re1 Ra8 24.Qh5+ g6 25.Qh6 Kf7 26.Red1 Qc6 27.h3 Be7 28.Rdc1 Qe4 29.Rb2 g5
30.Rc7 Qe1+ 31.Kh2 Qe5+ 32.g3 Qxb2 33.Rxe7+ Kxe7 34.Qg7+ Ke8 35.Qxh8+ Kd7
36.Qxh7+ Kc6 37.Qc7+ Kb5 38.Qxb7 Qxa2 39.Ba7+ Kc4 40.Qxa8  1-0

[Event "Linz Siemens"]
[Site "Linz"]
[Date "1996.??.??"]
[Round "2"]
[White "Kranzl, Peter"]
[Black "Banas, Jan"]
[Result "1/2-1/2"]
[WhiteElo "2225"]
[BlackElo "2370"]

1.e4 c5 2.c3 Nf6 3.e5 Nd5 4.d4 cxd4 5.Qxd4 e6 6.Nf3 Nc6 7.Qe4 f5 8.Qe2 b6
9.g3 a5 10.Bg2 Ba6 11.c4 Bb4+ 12.Nbd2 O-O 13.O-O Rc8 14.Re1 Bc5 15.Qd1 Nde7
16.b3 Ng6 17.Bb2 a4 18.Qe2 a3 19.Bc3 Qe7 20.Rad1 Bb7 21.Nb1 f4 22.Nbd2 fxg3
23.hxg3 Nb4 24.Bxb4 Bxb4 25.Rf1 Bc5 26.Ne4 Bxe4 27.Qxe4 Rf7 28.Rd3 Nf8  1/2-1/2

[Event "Linz Siemens"]
[Site "Linz"]
[Date "1996.??.??"]
[Round "2"]
[White "Jonkman, Harmen"]
[Black "Weiss, Christian"]
[Result "1-0"]
[WhiteElo "2325"]
[BlackElo "2290"]

1.e4 c5 2.c3 Nf6 3.e5 Nd5 4.Nf3 e6 5.d4 cxd4 6.cxd4 d6 7.Bc4 Nc6 8.O-O Be7
9.Qe2 O-O 10.Qe4 b6 11.Bd3 g6 12.Bh6 Re8 13.a3 Bb7 14.Nbd2 a6 15.Rad1 b5
16.Bb1 Na5 17.Qg4 Nc4 18.Nxc4 bxc4 19.h4 Bf8 20.Bxf8 Rxf8 21.h5 Kg7 22.Ng5 Ne7
23.Rfe1 Nf5 24.d5 Nh6 25.Qg3 Bxd5 26.hxg6 hxg6 27.Rxd5  1-0

[Event "Litomysl op"]
[Site "Litomysl"]
[Date "1996.??.??"]
[Round "4"]
[White "Okhotnik, Vladimir"]
[Black "Neuman, Petr"]
[Result "1-0"]
[WhiteElo "2415"]
[BlackElo "2205"]

1.e4 c5 2.c3 Nf6 3.e5 Nd5 4.d4 cxd4 5.cxd4 d6 6.Nf3 Nc6 7.Bc4 Nb6 8.Bb3 dxe5
9.d5 Na5 10.Nc3 Nxb3 11.Qxb3 e6 12.Bg5 Be7 13.Rd1 Bxg5 14.dxe6 Qe7 15.Nxg5 Bxe6
16.Nxe6 Qxe6 17.Qb5+ Qc6 18.Qxe5+ Qe6 19.Qxe6+ fxe6 20.Rd4 Rd8 21.Rxd8+ Kxd8
22.Ke2 Ke7 23.Rd1 Rc8 24.Rd4 Nc4 25.Nd1 e5 26.Rd3 Ke6 27.Rb3 Nd6 28.Ne3 e4
29.Rb4 Ke5 30.Ra4 a6 31.Ra5+ Ke6 32.Rh5 h6 33.Ra5 Rc6 34.Ra4 Ke5 35.Rb4 b5
36.Kd2 Rc7 37.Rb3 Rf7 38.Ke2 Rc7 39.Ra3 Rc6 40.Kd2 Nb7 41.Ng4+ Kf4 42.h3 b4
43.g3+ Kg5 44.Ra4 Rb6 45.a3 h5 46.Ne3 bxa3 47.bxa3 Rb2+ 48.Kc3 Rxf2 49.h4+ Kf6
50.Rxa6+ Ke5 51.Rg6 Rf3 52.Rg5+ Kf6 53.Kd4 Nd6 54.Rd5 Ke6 55.Re5+ Kf7 56.Rxh5 Rxg3
57.Rd5 Ne8 58.a4 Rg1 59.Rb5 Ra1 60.a5 Ke6 61.Nc4 Ra4 62.Re5+ Kd7 63.Kc5 Ra1
64.Rxe4 Nf6 65.Re5 Kc8 66.Re7 Nd7+ 67.Kc6 Nb8+ 68.Kd5 Rd1+ 69.Ke6 Rh1 70.Nd6+ Kd8
71.Re8+  1-0

[Event "Litomysl op"]
[Site "Litomysl"]
[Date "1996.??.??"]
[Round "6"]
[White "Okhotnik, Vladimir"]
[Black "Chernyshov, Konstantin"]
[Result "0-1"]
[WhiteElo "2415"]
[BlackElo "2470"]

1.e4 c5 2.c3 Nf6 3.e5 Nd5 4.d4 cxd4 5.Bc4 Nb6 6.Bb3 Nc6 7.cxd4 g6 8.h4 d5
9.h5 Qd7 10.hxg6 fxg6 11.Bc2 Bg7 12.Rxh7 O-O 13.Bxg6 Qg4 14.Qxg4 Bxg4 15.Rh4 Bf5
16.Bxf5 Rxf5 17.Nc3 Nb4 18.Ke2 Rc8 19.Nf3 Nc2 20.Rb1 Na3 21.bxa3 Rxc3 22.Rg4 Kf8
23.Bd2 Rc2 24.Rc1 Rxa2 25.Rc7 Bh6 26.Rxb7 Kf7 27.Ke1 Rh5 28.Ng5+ Bxg5 29.e6+ Kxe6
30.Rxg5 Rh1+ 31.Ke2 Nc4 32.Rg7 Rxd2+ 33.Kf3 Nd6 34.Rgxe7+ Kf6 35.Rxa7 Rxd4
36.Red7 Ke5 37.Re7+ Kf5 38.g3 Rh6 39.Rad7 Re6 40.g4+ Ke5 41.g5 Nf5 42.Rxe6+ Kxe6
43.Ra7 Ke5 44.a4 Rf4+ 45.Ke2 Nd4+ 46.Kf1 Rg4 47.Rf7 Ne6 48.a5 Nxg5 49.Rg7 Kf6
50.Rd7 Nh3 51.a6 Ra4 52.Kg2 Nf4+ 53.Kf3 Ke5 54.a7 Ra3+ 55.Kg4 Nd3 56.f3 Ke6
57.Rb7 Ne5+ 58.Kg5 Nf7+ 59.Kf4 Ra4+ 60.Ke3 Nd6 61.Rh7 Nb5 62.Rh6+ Kd7 63.Rh7+ Kd6
64.Rh6+ Kc5 65.f4 Ra3+ 66.Kf2 Rxa7 67.Kf3 Nd4+ 68.Kg4 Rg7+ 69.Kh5 Ne2 70.Rf6 Nxf4+
71.Rxf4 d4 72.Rf1 d3 73.Rd1 Kd4 74.Kh4 Kc3 75.Rc1+ Kb2 76.Rc8 Rd7 77.Rb8+ Kc3
78.Rc8+ Kd4 79.Rc1 d2  0-1

[Event "Litomysl op"]
[Site "Litomysl"]
[Date "1996.??.??"]
[Round "6"]
[White "Doring, Robert"]
[Black "Dambrauskas, Virginijus"]
[Result "1-0"]
[WhiteElo "2205"]
[BlackElo "2395"]

1.e4 c5 2.c3 Nf6 3.e5 Nd5 4.d4 cxd4 5.Nf3 Nc6 6.Bc4 Nb6 7.Bb3 d5 8.exd6 Qxd6
9.O-O Na5 10.Nxd4 Nxb3 11.axb3 Bd7 12.Na3 e5 13.Nab5 Qb8 14.Qe2 a6 15.Na3 Bd6
16.Ndc2 O-O 17.Be3 Bc7 18.Rad1 Be6 19.c4 Nd7 20.Nb4 e4 21.h3 f5 22.Nd5 f4
23.Bd4 Bxd5 24.cxd5 Qe8 25.d6 Bxd6 26.Bxg7 Kxg7 27.Rxd6 Nf6 28.Rfd1 Kg8 29.Nc4 f3
30.Qd2 Qg6 31.g3 Qh5 32.h4 Rae8 33.Qd4 Qf5 34.Ne3 Qe5 35.Qb6 Re7 36.Nc4 Qf5
37.Ne3 Qe5 38.Nc4 Qf5 39.Ne3 Qg6 40.Qd4 Ref7 41.Rc1 Qg7 42.Nf5 Qg4 43.Ne3 Qh3
44.Rc5 Rd7 45.Re5 Rxd6 46.Qxd6 Qc8 47.Qe7  1-0

[Event "Ljubljana op"]
[Site "Ljubljana"]
[Date "1996.??.??"]
[Round "3"]
[White "Praznik, Niko"]
[Black "Riznar, Helena"]
[Result "1-0"]
[WhiteElo "2145"]
[BlackElo "1910"]

1.e4 c5 2.c3 Nf6 3.e5 Nd5 4.Nf3 Nc6 5.d4 cxd4 6.cxd4 e6 7.a3 Qa5+ 8.Nbd2 d6
9.g3 dxe5 10.dxe5 Bd7 11.Rb1 Rc8 12.b4 Qc7 13.Bb2 Be7 14.Bd3 O-O 15.O-O Rfd8
16.Rc1 Qb8 17.Qe2 f5 18.exf6 Bxf6 19.Bxf6 Nxf6 20.Ne4 Nxe4 21.Qxe4 g6 22.h4 Qd6
23.Bc4 Qe7 24.Ng5 Re8 25.Bb3 Qf6 26.Rfe1 Nd4 27.Rxc8 Bxc8 28.Bd1 Rf8 29.Qe3 b6
30.Nh3 e5 31.Ng5 Re8 32.Qxd4 exd4 33.Rxe8+ Kg7 34.Rxc8 Qe5 35.Rc7+ Kf8 36.Rf7+ Ke8
37.Bg4 h6 38.Bd7+  1-0

[Event "Ljubljana op"]
[Site "Ljubljana"]
[Date "1996.??.??"]
[Round "3"]
[White "Kuslan, Tugomer"]
[Black "Kecic, Stevan"]
[Result "0-1"]
[WhiteElo "1945"]
[BlackElo "2245"]

1.e4 c5 2.c3 Nf6 3.d3 g6 4.Nf3 Bg7 5.Be3 b6 6.h3 O-O 7.Be2 Ba6 8.O-O d5 9.e5 Nfd7
10.d4 Bxe2 11.Qxe2 Qc7 12.Bf4 e6 13.Bg5 Nc6 14.Na3 a6 15.Rab1 b5 16.b4 cxb4
17.cxb4 Nb6 18.Rfc1 Nc4 19.Rc3 Rfb8 20.Bc1 a5 21.Nc2 axb4 22.Nxb4 Nxb4 23.Rxb4 Qa5
24.a3 Bf8 25.Rbb3 b4 26.axb4 Rxb4 27.Kh2 Qa1 28.Rxb4 Bxb4 29.Rc2 Qb1 30.Bh6 Be7
31.Rc1 Qb3 32.Nd2 Qb2 33.Rxc4 dxc4 34.Qxc4 Qb7 35.f3 Qd5 36.Qc7 Bd8 37.Qc3 Ra4
38.Be3 Kg7 39.Ne4 Ra7 40.Qc1 h5 41.Bh6+ Kg8 42.Nf6+ Bxf6 43.exf6 Qxd4 44.Qc8+ Kh7
45.f4 Ra1 46.Qf8 Qxf6 47.Bg5 Qg7 48.Qe7 f6 49.Bxf6 Qxe7 50.Bxe7 Ra7 51.Bf6 Ra3
52.g4 Kg8 53.Kg2 Kf7 54.Be5 Ke8 55.Bd6 Rd3 56.Be5 Kd7 57.gxh5 gxh5 58.h4 Kc6
59.Kf2 Kd5 60.Bf6 Ke4 61.Bg5 Kf5 62.Ke2 Rb3 63.Kf2 Kg4 64.Ke2 Rf3 65.Kd2 Rxf4
66.Ke3 Ra4 67.Be7 Kg3 68.Bf6 Rxh4  0-1

[Event "Ljubljana op"]
[Site "Ljubljana"]
[Date "1996.??.??"]
[Round "5"]
[White "Pavasovic, Dusko"]
[Black "Sveshnikov, Evgeny"]
[Result "1/2-1/2"]
[WhiteElo "2425"]
[BlackElo "2565"]

1.e4 c5 2.c3 Nf6 3.e5 Nd5 4.d4 cxd4 5.Nf3 Nc6 6.cxd4 d6 7.Bc4 dxe5 8.dxe5 Nb6
9.Qxd8+ Nxd8 10.Bb5+ Bd7 11.Nc3 e6 12.Bxd7+ Nxd7 13.Nb5 Bb4+ 14.Ke2 Ke7 15.a3 Bc5
16.b4 a6 17.bxc5 axb5 18.Be3 Nc6 19.Rhb1 b4 20.axb4 Rxa1 21.Rxa1 Nxb4 22.Rb1 Na6
23.Rxb7 Rc8 24.Ra7 Nxc5 25.Ng5 h6 26.Nxf7 Kxf7 27.Bxc5 Rxc5 28.Rxd7+ Kg6
29.f4 Kf5 30.Rf7+ Ke4 31.h4 g5 32.fxg5 hxg5 33.h5 Rc2+ 34.Kf1 g4 35.h6 g3
36.h7 Rc1+ 37.Ke2 Rh1 38.Kd2 Kd4 39.Kc2 Rh2 40.Kb3 Kxe5 41.Kc4 Kd6 42.Kd4 e5+
43.Ke4 Ke6 44.Ra7 Kf6 45.Rb7 Rh1 46.Kf3 Kg6 47.Kxg3  1/2-1/2

[Event "Ljubljana op"]
[Site "Ljubljana"]
[Date "1996.??.??"]
[Round "7"]
[White "Pavasovic, Dusko"]
[Black "Kozul, Zdenko"]
[Result "1/2-1/2"]
[WhiteElo "2425"]
[BlackElo "2580"]

1.e4 c5 2.c3 Nf6 3.e5 Nd5 4.d4 cxd4 5.Nf3 Nc6 6.cxd4 d6 7.Bc4 e6 8.O-O Be7
9.Qe2 O-O 10.Qe4 Bd7 11.Bd3 f5 12.exf6 Nxf6 13.Qe2 Qa5 14.Bc4 d5 15.Bd3 Bd6
16.Nc3 Rae8 17.Bg5 e5 18.dxe5 Nxe5 19.Nxe5 Bxe5 20.Qc2 Bc6 21.Rae1 Bxc3 22.Rxe8 Rxe8
23.bxc3 Ne4 24.Be3 Bb5 25.c4 Rc8 26.Bxe4 dxe4 27.Qxe4 Bxc4 28.Rc1 b5 29.Bxa7 Qxa2
30.Qg4 Rc7 31.Bd4 Be6 32.Qf4 Rxc1+ 33.Qxc1 Bf5 34.h4 Qb1 35.Qxb1 Bxb1 36.Bc3 g6
37.f4 Bf5 38.Kf2 Kf7 39.Ke3 Ke6 40.Kd4 Bg4 41.g3  1/2-1/2

[Event "Loures"]
[Site "Loures"]
[Date "1996.??.??"]
[Round "2"]
[White "Quadrio, Alexandre"]
[Black "De Sousa, Jose"]
[Result "1/2-1/2"]
[WhiteElo "2230"]
[BlackElo "2285"]

1.e4 c5 2.c3 Nf6 3.e5 Nd5 4.d4 cxd4 5.Nf3 e6 6.cxd4 b6 7.Bd3 Ba6 8.O-O Bxd3
9.Qxd3 Be7 10.Nc3 Nxc3 11.bxc3 d5 12.exd6 Bxd6 13.Bg5 Qc7 14.Rfe1 O-O 15.Re4 Nd7
16.Rae1 Rfe8 17.Rh4 Nf8 18.Qe4 f5 19.Qd3 Rac8 20.Bd2 Ng6 21.Rh3 Bf4 22.Ng5 Qc4
23.Qxc4 Rxc4 24.Bxf4 Nxf4 25.Rhe3 h6 26.Nf3 Nd5 27.Rxe6 Rxe6 28.Rxe6 Rxc3
29.h3 Rc1+ 30.Kh2 Rc2 31.Re5 Nf6 32.d5 Rxa2 33.Nd4 Rd2 34.Nxf5 Kf8 35.d6 g6
36.Re6 gxf5 37.Rxf6+ Kg7 38.Re6 a5 39.d7 Rxd7 40.Rxb6 Ra7 41.Rb3 a4 42.Ra3 Kf6
43.f4  1/2-1/2

[Event "DEN-chJ"]
[Site "Lyngby"]
[Date "1996.??.??"]
[Round "1"]
[White "Pedersen, Nicolai Vesterbaek"]
[Black "Bekker Jensen, David"]
[Result "1-0"]
[WhiteElo "2290"]
[BlackElo "2190"]

1.e4 c5 2.c3 Nf6 3.e5 Nd5 4.d4 cxd4 5.Nf3 e6 6.cxd4 b6 7.Bd3 Bb4+ 8.Bd2 Bxd2+
9.Qxd2 Ba6 10.Be4 Nc6 11.Nc3 Nxc3 12.bxc3 O-O 13.h4 Rc8 14.Ng5 h6 15.Nh7 Re8
16.Rh3 Kh8 17.Nf6 Re7 18.Rg3 Qf8 19.Qf4 Na5 20.Nh5 g6 21.Qf6+ Kg8 22.Nf4  1-0

[Event "DEN-chJ"]
[Site "Lyngby"]
[Date "1996.??.??"]
[Round "6"]
[White "Hoogendoorn, Joost"]
[Black "Bircher, Roland"]
[Result "1-0"]
[WhiteElo "2345"]
[BlackElo "2150"]

1.e4 c5 2.c3 Nf6 3.e5 Nd5 4.Nf3 e6 5.d4 cxd4 6.Bc4 Nb6 7.Bd3 Nc6 8.O-O d6
9.Bg5 Qc7 10.cxd4 dxe5 11.Nc3 a6 12.Rc1 exd4 13.Nxd4 Bd6 14.Nxc6 bxc6 15.Ne4 Bxh2+
16.Kh1 h6 17.Bh4 Nd5 18.g3 g5 19.Kxh2 gxh4 20.Qh5 a5 21.Rxc6 Qxc6 22.Bb5 Qxb5
23.Nd6+ Kd8 24.Nxb5 Ba6 25.Qxh4+ Kd7 26.Qa4 Bxb5 27.Qxb5+ Ke7 28.Qc5+ Kd7
29.Rc1 Rhb8 30.Rc4 Rb6 31.b3 Rab8 32.Ra4  1-0

[Event "Makarska"]
[Site "Makarska"]
[Date "1996.??.??"]
[Round "2"]
[White "Stevic, Hrvoje"]
[Black "Sermek, Drazen"]
[Result "0-1"]
[WhiteElo "2395"]
[BlackElo "2535"]

1.e4 c5 2.c3 Nf6 3.e5 Nd5 4.d4 cxd4 5.Nf3 e6 6.cxd4 d6 7.Bc4 Be7 8.O-O O-O
9.Qe2 Nc6 10.Qe4 Bd7 11.Bd3 f5 12.exf6 Nxf6 13.Qe2 Qb6 14.Be3 Nd5 15.Nc3 Ncb4
16.Be4 Rac8 17.Ng5 Bxg5 18.Bxg5 Qxd4 19.Rad1 Qe5 20.f4 Nxf4 21.Bxf4 Rxf4
22.Bxh7+ Kxh7 23.Qxe5 dxe5 24.Rxd7 b6 25.Rxf4 exf4 26.Rxa7 Nd3 27.Re7 Nxb2
28.Ne2 Nd3 29.Rxe6 Rc2 30.a3 Ra2 31.h4 b5 32.Nc3 Rb2 33.Nd5 Ra2 34.Nc3 Ra1+
35.Kh2 Nf2 36.g3 f3 37.g4 Nxg4+ 38.Kg3 f2  0-1

[Event "Makarska"]
[Site "Makarska"]
[Date "1996.??.??"]
[Round "10"]
[White "Sermek, Drazen"]
[Black "Palac, Mladen"]
[Result "1/2-1/2"]
[WhiteElo "2535"]
[BlackElo "2545"]

1.e4 c5 2.c3 Nf6 3.e5 Nd5 4.d4 cxd4 5.Nf3 Nc6 6.Bc4 Nb6 7.Bb3 d5 8.exd6 Qxd6
9.O-O Be6 10.Na3 dxc3 11.Qe2 Bxb3 12.Nb5 Qd8 13.axb3 e5 14.bxc3 Be7 15.Bg5 f6
16.Be3 Nc8 17.Nh4 O-O 18.Nf5 g6 19.Nxe7+  1/2-1/2